Statistics for Guess the Taylor Swift song with no hints #8

Click here to take the quiz!

General Stats

  • This quiz has been taken 45,817 times
  • The average score is 149 of 244

Answer Stats

ANSWER% Correct
I
99%
a
97%
A
97%
you
96%
you'd
96%
the
94%
We
90%
to
84%
When
83%
and
82%
And
82%
on
82%
do
80%
Do
80%
your
80%
in
79%
It
79%
it
79%
Then
79%
who
76%
was
75%
She
74%
she
74%
were
74%
my
73%
her
72%
of
72%
That
71%
that
71%
what
71%
what's
71%
they
69%
too
69%
have
67%
Can
66%
like
66%
night
66%
nights
66%
one
66%
ever
65%
know
65%
Did
64%
did
64%
all
63%
for
61%
some
61%
But
60%
could
60%
kiss
60%
don't
59%
With
59%
with
59%
had
58%
say
58%
you're
58%
friends
57%
just
56%
said
56%
By
55%
It's
55%
Oh
55%
oh
55%
question
55%
up
55%
thing
54%
room
53%
ask
52%
middle
52%
not
52%
every
51%
girl
51%
I'm
51%
crowded
50%
leave
49%
someone
49%
time
49%
way
49%
wish
49%
Cause
48%
fun
48%
Good
48%
remember
48%
boy
47%
house
46%
making
46%
more
46%
much
46%
still
46%
after
45%
second
45%
seconds
45%
fight
44%
going
44%
put
44%
saw
44%
single
44%
something
44%
before
43%
clapping
43%
later
43%
touch
43%
another
42%
sad
42%
fifteen
41%
out
41%
feel
40%
wrong
40%
Big
39%
color
39%
Bad
38%
city
38%
Fucking
38%
mind
38%
choices
37%
Does
36%
Got
36%
Painted
36%
right
36%
may
35%
searched
35%
swear
35%
guy
34%
situations
34%
best
33%
since
33%
sure
33%
drink
32%
explanations
32%
eyes
31%
gender
31%
heard
31%
miscommunications
31%
dickhead
30%
politics
30%
roles
30%
that's
30%
That's
30%
away
29%
circumstances
29%
tonight
29%
conversation
28%
nice
28%
everything's
27%
realize
26%
surprise
25%
strike
24%
suitable
24%
meteor
23%
swept
23%
Half-moon
22%
gray
21%

Score Distribution

Percentile by Number Answered

Percent of People with Each Score

Your Score History

You have not taken this quiz